[Event "St Leon Rot op"]
[Site "St Leon Rot"]
[Date "2011.12.30"]
[Round "7"]
[White "Herbst, Timothy"]
[Black "Siebel, Jan"]
[Result "1-0"]
[WhiteElo "1884"]
[BlackElo "1605"]
[PlyCount "35"]
[EventDate "2011.12.27"]
[EventType "swiss"]
[EventRounds "7"]
[EventCountry "GER"]
[SourceTitle "CBM 146 Extra"]
[Source "ChessBase"]
[SourceDate "2012.02.29"]
[SourceVersion "1"]
[SourceVersionDate "2012.02.29"]
[SourceQuality "1"]

1. e4 c5 2. Nf3 g6 3. d4 cxd4 4. Nxd4 Nc6 5. Nc3 Bg7 6. Be3 Nf6 7. Bc4 Qa5 8. 0-0 Nxe4 9. Nxe4 d5 10. Nb3 Qa4 11. Bxd5 Nb4 12. Nc3 Qd7 13. Bc4 Qxd1 14. Rfxd1 Bxc3 15. bxc3 Nxc2 16. Bb5+ Kf8 17. Bh6+ Kg8 18. Rd8# 1-0

[Event "St Leon Rot op"]
[Site "St Leon Rot"]
[Date "2011.12.29"]
[Round "5"]
[White "Herbst, Timothy"]
[Black "Gottschall, Lorenz"]
[Result "1-0"]
[WhiteElo "1884"]
[BlackElo "1464"]
[PlyCount "75"]
[EventDate "2011.12.27"]
[EventType "swiss"]
[EventRounds "7"]
[EventCountry "GER"]
[SourceTitle "CBM 146 Extra"]
[Source "ChessBase"]
[SourceDate "2012.02.29"]
[SourceVersion "1"]
[SourceVersionDate "2012.02.29"]
[SourceQuality "1"]

1. e4 e5 2. Bc4 Nf6 3. d4 Nxe4 4. dxe5 Bc5 5. Qd5 Bxf2+ 6. Kf1 Qe7 7. Qxe4 Bc5 8. Be3 c6 9. Bxc5 Qxc5 10. Nc3 0-0 11. Bd3 f5 12. Qc4+ Qxc4 13. Bxc4+ Kh8 14. Nf3 b5 15. Bb3 Ba6 16. Kf2 b4 17. Na4 Bb5 18. Nc5 a5 19. a4 bxa3 20. Rxa3 h6 21. Nd4 g5 22. Rha1 Re8 23. Nxb5 cxb5 24. Rxa5 Rxa5 25. Rxa5 Rxe5 26. Nd3 Re8 27. Ra8 Kg7 28. Nc5 Re5 29. Rxb8 Rxc5 30. Rb7 Kg6 31. Rxd7 Kh5 32. Rd5 Rc7 33. Rxb5 f4 34. Rd5 Kg4 35. Rd6 h5 36. Be6+ Kh4 37. g3+ fxg3+ 38. hxg3# 1-0

[Event "GER-ch U12"]
[Site "Willingen"]
[Date "2009.06.06"]
[Round "11"]
[White "Noettling, Dominik"]
[Black "Herbst, Timothy"]
[Result "1-0"]
[WhiteElo "1781"]
[BlackElo "1416"]
[PlyCount "111"]
[EventDate "2009.05.30"]
[EventType "swiss"]
[EventRounds "11"]
[EventCountry "GER"]
[SourceTitle "EXT 2010"]
[Source "ChessBase"]
[SourceDate "2010.11.25"]
[SourceVersion "1"]
[SourceVersionDate "2010.11.25"]
[SourceQuality "1"]

1. e4 c5 2. Nf3 d6 3. d4 cxd4 4. Nxd4 Nf6 5. Nc3 g6 6. Be2 Bg7 7. Be3 0-0 8. Qd2 Nc6 9. h4 Nxd4 10. Bxd4 Be6 11. h5 Qc7 12. g4 Bxg4 13. Bxf6 Bxe2 14. Bxg7 Kxg7 15. Nxe2 Qb6 16. Qd4+ Qxd4 17. Nxd4 Rfc8 18. 0-0-0 Rc5 19. hxg6 hxg6 20. Rh2 Rac8 21. c3 Rc4 22. Kb1 a6 23. f3 e5 24. Nc2 R4c6 25. Ne3 Rd8 26. Nd5 Rh8 27. Rxh8 Kxh8 28. Nf6 Rb6 29. Ne8 f5 30. Rxd6 Rxd6 31. Nxd6 f4 32. Nf7+ Kg7 33. Nxe5 g5 34. Ng4 Kf7 35. b4 b5 36. c4 bxc4 37. Kc2 Ke6 38. Kc3 Kd6 39. Kxc4 Kc6 40. a4 Kd6 41. b5 axb5+ 42. Kxb5 Kc7 43. e5 Kb7 44. a5 Kc7 45. a6 Kb8 46. Kb6 Kc8 47. a7 Kd7 48. a8Q Ke6 49. Qg8+ Ke7 50. Qg6 Kd7 51. Qd6+ Ke8 52. Qc7 Kf8 53. Nh6 Ke8 54. e6 g4 55. e7 g3 56. Qd8# 1-0

[Event "GER-ch U12"]
[Site "Willingen"]
[Date "2009.06.02"]
[Round "5"]
[White "Grigorian, Spartak"]
[Black "Herbst, Timothy"]
[Result "0-1"]
[WhiteElo "1765"]
[BlackElo "1416"]
[PlyCount "109"]
[EventDate "2009.05.30"]
[EventType "swiss"]
[EventRounds "11"]
[EventCountry "GER"]
[SourceTitle "EXT 2010"]
[Source "ChessBase"]
[SourceDate "2010.11.25"]
[SourceVersion "1"]
[SourceVersionDate "2010.11.25"]
[SourceQuality "1"]

1. e4 c5 2. Nf3 Nc6 3. d4 cxd4 4. Nxd4 Nf6 5. Nc3 g6 6. Be3 Bg7 7. Bc4 0-0 8. Bb3 d6 9. f3 Re8 10. Qd2 Nxd4 11. Bxd4 Bd7 12. 0-0-0 Bc6 13. g4 b5 14. h4 a5 15. h5 a4 16. Bd5 Bxd5 17. Nxd5 Rc8 18. hxg6 fxg6 19. Nxf6+ exf6 20. g5 fxg5 21. Bxg7 Kxg7 22. Qd4+ Re5 23. Qxd6 Qxd6 24. Rxd6 Rc7 25. Kd2 Rec5 26. c3 Rc4 27. Rd4 h5 28. Ke3 a3 29. bxa3 Rxc3+ 30. Rd3 Rxd3+ 31. Kxd3 Ra7 32. e5 Rxa3+ 33. Ke4 Rxa2 34. Rd1 Ra7 35. Rg1 g4 36. fxg4 hxg4 37. Kd5 Rb7 38. Rxg4 b4 39. Rf4 b3 40. Rf1 b2 41. Rb1 Kf7 42. Kd6 Ke8 43. e6 Rb6+ 44. Kd5 Ke7 45. Kc5 Rb8 46. Kd5 g5 47. Kc4 Kxe6 48. Kd3 Kf5 49. Ke3 g4 50. Kf2 Kf4 51. Kg2 g3 52. Kg1 Kf3 53. Kf1 Rh8 54. Kg1 g2 55. Rxb2 0-1

[Event "GER-chT WK U18 4th"]
[Site "Kiel"]
[Date "2008.06.01"]
[Round "6.2"]
[White "Herbst, Timothy"]
[Black "Ruetz, Maximilian"]
[Result "1-0"]
[WhiteElo "1249"]
[BlackElo "901"]
[PlyCount "59"]
[EventDate "2008.05.31"]
[EventType "team-swiss"]
[EventRounds "7"]
[EventCountry "GER"]
[SourceTitle "EXT 2010"]
[Source "ChessBase"]
[SourceDate "2010.11.25"]
[SourceVersion "1"]
[SourceVersionDate "2010.11.25"]
[SourceQuality "1"]

1. c4 e5 2. d3 Bc5 3. Nc3 d6 4. Nf3 Nc6 5. Bg5 Nf6 6. Nd5 Be6 7. Nxf6+ gxf6 8. Bd2 Qe7 9. g3 0-0-0 10. Bg2 Bd4 11. 0-0 Rhg8 12. Nh4 d5 13. cxd5 Bxd5 14. Nf3 Bc5 15. b4 Bxb4 16. Rb1 Bc5 17. Qc2 e4 18. Nh4 exd3 19. exd3 Qe6 20. Qxc5 b6 21. Qe3 Ne5 22. Rfc1 f5 23. Bh3 Bb7 24. Bxf5 Rxd3 25. Bxe6+ fxe6 26. Qxe5 Rd7 27. Bf4 Rgd8 28. Rxc7+ Kb8 29. Rxd7+ Kc8 30. Qc7# 1-0

[Event "Baden-ch U12"]
[Site "Neuenbuerg/Enz"]
[Date "2008.01.06"]
[Round "7"]
[White "Leupolz, Felix"]
[Black "Herbst, Timothy"]
[Result "1/2-1/2"]
[WhiteElo "1030"]
[BlackElo "1103"]
[PlyCount "129"]
[EventDate "2008.01.04"]
[EventType "swiss"]
[EventRounds "7"]
[EventCountry "GER"]
[SourceTitle "EXT 2009"]
[Source "ChessBase"]
[SourceDate "2008.11.26"]
[SourceVersion "1"]
[SourceVersionDate "2008.11.26"]
[SourceQuality "1"]

1. e4 c5 2. b3 d6 3. Bb5+ Nc6 4. Bxc6+ bxc6 5. d3 g6 6. Bb2 Nf6 7. Ne2 Bg7 8. 0-0 0-0 9. Nd2 Be6 10. Nf4 Bg4 11. Nf3 Rb8 12. e5 dxe5 13. Bxe5 Rb7 14. h3 Bf5 15. Nh4 Bd7 16. c4 g5 17. Nh5 Nxh5 18. Qxh5 Bxe5 19. Qxg5+ Bg7 20. Rfd1 Kh8 21. Rab1 Rg8 22. Qxc5 Bxh3 23. Qxc6 Bc8 24. Nf5 Rc7 25. Qe4 Bxf5 26. Qxf5 Bf6 27. b4 Qa8 28. f3 Qd8 29. d4 Rxc4 30. d5 Rg5 31. Qd3 Rc3 32. Qe4 Rc7 33. f4 Rg6 34. f5 Rg8 35. b5 Rd7 36. a4 e6 37. fxe6 fxe6 38. Qxe6 Bg7 39. b6 axb6 40. Rxb6 Re8 41. Qc6 Re5 42. d6 Re6 43. Rb8 Qxb8 44. Qxd7 Qe8 45. Qxe8+ Rxe8 46. d7 Rd8 47. Re1 Bf6 48. Re8+ Kg7 49. a5 Rxd7 50. Ra8 Rd2 51. a6 Ra2 52. g4 Kg6 53. a7 Bd4+ 54. Kf1 Rxa7 55. Rg8+ Rg7 56. Rxg7+ Kxg7 57. Kg2 Kg6 58. Kh2 Kg5 59. Kh1 Kf4 60. Kh2 Kf3 61. Kh3 Bg1 62. Kh4 Kg2 63. Kh5 Be3 64. g5 Bxg5 65. Kxg5 1/2-1/2

[Event "GER-chT U12"]
[Site "Verden an der Aller"]
[Date "2007.12.30"]
[Round "7.3"]
[White "Hellwig, Immo"]
[Black "Herbst, Timothy"]
[Result "1-0"]
[WhiteElo "1084"]
[BlackElo "1103"]
[PlyCount "77"]
[EventDate "2007.12.27"]
[EventType "team-swiss"]
[EventRounds "7"]
[EventCountry "GER"]
[SourceTitle "EXT 2009"]
[Source "ChessBase"]
[SourceDate "2008.11.26"]
[SourceVersion "1"]
[SourceVersionDate "2008.11.26"]
[SourceQuality "1"]
[WhiteTeam "Wilhelmshaven U12"]
[BlackTeam "Baiertal/Schatthausen U12"]
[WhiteTeamCountry "GER"]
[BlackTeamCountry "GER"]

1. e4 c5 2. Nf3 d6 3. d4 cxd4 4. Nxd4 Nf6 5. Nc3 g6 6. Be3 Bg7 7. f3 0-0 8. Qd2 Nc6 9. 0-0-0 Nxd4 10. Bxd4 Be6 11. Kb1 a5 12. h4 a4 13. h5 a3 14. b3 Qe8 15. hxg6 fxg6 16. g4 Bd7 17. Qh2 h6 18. Bd3 Kf7 19. e5 dxe5 20. Bxe5 Rh8 21. Rde1 Qc8 22. Bc4+ Be6 23. Bxe6+ Qxe6 24. Bd4 Qd7 25. Qe5 Qd6 26. Qe3 Rae8 27. Bc5 Qd7 28. Re2 Bf8 29. g5 Nh7 30. Rxh6 Bxh6 31. gxh6 Nf6 32. Re1 Rh7 33. Ne4 Qc6 34. Ng5+ Kf8 35. Nxh7+ Nxh7 36. Qd4 Kf7 37. Qf4+ Qf6 38. Qc4+ Qe6 39. Qxe6+ 1-0

[Event "GER-chT U12"]
[Site "Verden an der Aller"]
[Date "2007.12.27"]
[Round "2.3"]
[White "Herbst, Timothy"]
[Black "Zahn, Fabian"]
[Result "0-1"]
[WhiteElo "1103"]
[BlackElo "957"]
[PlyCount "27"]
[EventDate "2007.12.27"]
[EventType "team-swiss"]
[EventRounds "7"]
[EventCountry "GER"]
[SourceTitle "EXT 2009"]
[Source "ChessBase"]
[SourceDate "2008.11.26"]
[SourceVersion "1"]
[SourceVersionDate "2008.11.26"]
[SourceQuality "1"]
[WhiteTeam "Baiertal/Schatthausen U12"]
[BlackTeam "Gruendau U12"]
[WhiteTeamCountry "GER"]
[BlackTeamCountry "GER"]

1. c4 e5 2. d3 Nf6 3. Nf3 Nc6 4. g3 Bb4+ 5. Nc3 0-0 6. Bg2 Bxc3+ 7. bxc3 h6 8. 0-0 d6 9. Be3 e4 10. dxe4 Nxe4 11. Qd3 Re8 12. Nd2 Nf6 13. Nb3 Be6 14. Nd4 0-1